[Event "9th Vellmar Chess Days"]
[Site "chess24.com"]
[Date "2017.07.15"]
[Round "4"]
[White "Hoffmann, Lennard"]
[Black "Kearns, Christopher"]
[Result "0-1"]
[Board "12"]
[WhiteElo "1990"]
[WhiteCountry "GER"]
[WhiteFideId "12943495"]
[WhiteEloChange "-4"]
[BlackElo "2212"]
[BlackCountry "GER"]
[BlackFideId "24642118"]
[BlackEloChange "4"]

1. e4 {[%clk 1:30:58]} d5 {[%clk 1:30:53]} 2. exd5 {[%clk 1:31:15]} Nf6 {[%clk
1:31:20]} 3. d4 {[%clk 1:29:43]} Bg4 {[%clk 1:31:47]} 4. Be2 {[%clk 1:28:13]}
Bxe2 {[%clk 1:32:11]} 5. Nxe2 {[%clk 1:28:33]} Qxd5 {[%clk 1:32:39]} 6. O-O
{[%clk 1:27:57]} Nc6 {[%clk 1:32:27]} 7. b3 {[%clk 1:22:38]} O-O-O {[%clk
1:32:20]} 8. c4 {[%clk 1:21:17]} Qh5 {[%clk 1:32:44]} 9. Bb2 {[%clk 1:17:50]}
Nxd4 {[%clk 1:23:30]} 10. Nxd4 {[%clk 1:13:42]} Qxd1 {[%clk 1:15:50]} 11. Rxd1
{[%clk 1:14:08]} e5 {[%clk 1:16:12]} 12. Nc3 {[%clk 1:13:11]} exd4 {[%clk
1:15:21]} 13. Nb5 {[%clk 1:13:26]} d3 {[%clk 1:14:04]} 14. Nxa7+ {[%clk 1:08:18]}
Kb8 {[%clk 1:13:46]} 15. Nb5 {[%clk 1:08:35]} Bc5 {[%clk 1:13:32]} 16. Nc3 {[%clk
0:44:58]} Ng4 {[%clk 0:46:19]} 17. Ne4 {[%clk 0:39:50]} Ba7 {[%clk 0:46:40]} 18.
Rd2 {[%clk 0:37:24]} Rhe8 {[%clk 0:46:02]} 19. Nc3 {[%clk 0:35:51]} Rd6 {[%clk
0:33:57]} 20. g3 {[%clk 0:23:20]} Nxf2 {[%clk 0:26:44]} 21. Rxf2 {[%clk 0:23:33]}
Rf6 {[%clk 0:27:12]} 22. c5 {[%clk 0:07:08]} Bxc5 {[%clk 0:27:33]} 23. Na4 {[%clk
0:07:34]} Rxf2 {[%clk 0:26:26]} 0-1

[Event "9th Vellmar Chess Days"]
[Site "chess24.com"]
[Date "2017.07.15"]
[Round "4"]
[White "Chandler, Patrick"]
[Black "Siebarth, Marco"]
[Result "1-0"]
[Board "13"]
[WhiteElo "2206"]
[WhiteCountry "GER"]
[WhiteFideId "4624041"]
[WhiteEloChange "5"]
[BlackElo "2024"]
[BlackCountry "GER"]
[BlackFideId "24604330"]
[BlackEloChange "-5"]

1. e4 {[%clk 1:30:30]} c5 {[%clk 1:28:17]} 2. Nf3 {[%clk 1:30:53]} e6 {[%clk
1:26:06]} 3. b3 {[%clk 1:30:24]} d6 {[%clk 1:26:24]} 4. c4 {[%clk 1:29:22]} e5
{[%clk 1:26:21]} 5. Nc3 {[%clk 1:29:35]} f5 {[%clk 1:26:16]} 6. d3 {[%clk
1:28:52]} Nc6 {[%clk 1:21:16]} 7. Nd5 {[%clk 1:28:34]} Nf6 {[%clk 1:20:33]} 8.
Bg5 {[%clk 1:28:10]} Be7 {[%clk 1:19:35]} 9. Bxf6 {[%clk 1:28:26]} Bxf6 {[%clk
1:20:02]} 10. Be2 {[%clk 1:28:23]} O-O {[%clk 1:20:19]} 11. O-O {[%clk 1:26:37]}
Be6 {[%clk 1:16:32]} 12. a3 {[%clk 1:26:54]} Nd4 {[%clk 1:10:47]} 13. Nxd4 {[%clk
1:27:00]} exd4 {[%clk 1:10:27]} 14. exf5 {[%clk 1:26:44]} Bxd5 {[%clk 1:02:44]}
15. cxd5 {[%clk 1:27:09]} Qd7 {[%clk 1:03:10]} 16. Bf3 {[%clk 1:26:46]} Qxf5
{[%clk 1:02:51]} 17. Be4 {[%clk 1:27:11]} Qd7 {[%clk 1:02:37]} 18. f4 {[%clk
1:27:09]} b5 {[%clk 1:02:34]} 19. g4 {[%clk 1:26:27]} g6 {[%clk 1:02:24]} 20. h3
{[%clk 1:26:17]} Rac8 {[%clk 1:00:58]} 21. g5 {[%clk 1:26:24]} Bg7 {[%clk
1:00:20]} 22. Qg4 {[%clk 1:26:27]} Qxg4+ {[%clk 0:57:03]} 23. hxg4 {[%clk
1:26:54]} c4 {[%clk 0:57:26]} 24. f5 {[%clk 1:24:50]} Be5 {[%clk 0:56:02]} 25.
bxc4 {[%clk 1:24:49]} bxc4 {[%clk 0:56:29]} 26. dxc4 {[%clk 1:24:16]} Rxc4 {[%clk
0:56:37]} 27. fxg6 {[%clk 1:23:50]} Rxf1+ {[%clk 0:56:08]} 28. Rxf1 {[%clk
1:24:03]} hxg6 {[%clk 0:56:31]} 29. Bxg6 {[%clk 1:23:46]} Rc3 {[%clk 0:56:10]}
30. Bf5 {[%clk 1:23:41]} Rg3+ {[%clk 0:53:20]} 31. Kf2 {[%clk 1:23:57]} Rxa3
{[%clk 0:53:31]} 32. Rb1 {[%clk 1:23:59]} Ra2+ {[%clk 0:52:11]} 33. Kf1 {[%clk
1:24:19]} d3 {[%clk 0:13:25]} 34. Rb8+ {[%clk 1:21:40]} Kg7 {[%clk 0:13:43]} 35.
Rb7+ {[%clk 1:21:35]} Kf8 {[%clk 0:13:03]} 36. Bxd3 {[%clk 1:21:56]} a5 {[%clk
0:06:07]} 37. Bf5 {[%clk 1:21:59]} Rb2 {[%clk 0:05:31]} 38. Ra7 {[%clk 1:22:14]}
a4 {[%clk 0:04:05]} 39. Rxa4 {[%clk 1:22:13]} Rb7 {[%clk 0:04:28]} 40. Ra8+
{[%clk 1:21:16]} Kg7 {[%clk 0:02:27]} 41. Ke2 {[%clk 1:21:35]} Bf4 {[%clk
0:30:53]} 42. Rd8 {[%clk 1:51:59]} Ra7 {[%clk 0:29:41]} 43. Kd3 {[%clk 1:50:25]}
Be5 {[%clk 0:29:38]} 44. Rb8 {[%clk 1:49:06]} Bf4 {[%clk 0:29:14]} 45. Rb6 {[%clk
1:49:12]} Rc7 {[%clk 0:29:43]} 46. Rc6 {[%clk 1:48:49]} Ra7 {[%clk 0:29:13]} 47.
Ke4 {[%clk 1:48:03]} Be5 {[%clk 0:29:05]} 48. Rc4 {[%clk 1:47:51]} Rb7 {[%clk
0:29:07]} 49. Bc8 {[%clk 1:47:38]} Rb1 {[%clk 0:26:18]} 50. Bf5 {[%clk 1:46:31]}
Rb7 {[%clk 0:26:23]} 51. Rc1 {[%clk 1:44:05]} Rb4+ {[%clk 0:26:10]} 52. Kf3
{[%clk 1:44:00]} Rb3+ {[%clk 0:26:02]} 53. Ke2 {[%clk 1:44:23]} Rb7 {[%clk
0:23:37]} 54. Rh1 {[%clk 1:44:24]} Rb2+ {[%clk 0:22:46]} 55. Kd3 {[%clk 1:44:05]}
Rb3+ {[%clk 0:21:34]} 56. Kc4 {[%clk 1:43:38]} Rc3+ {[%clk 0:18:17]} 57. Kb4
{[%clk 1:43:52]} Rc5 {[%clk 0:18:22]} 58. Rh7+ {[%clk 1:43:13]} Kf8 {[%clk
0:18:07]} 59. Be6 {[%clk 1:43:00]} Bc3+ {[%clk 0:17:04]} 60. Kb3 {[%clk 1:41:54]}
Bg7 {[%clk 0:17:33]} 61. Rh3 {[%clk 1:41:47]} Be5 {[%clk 0:17:36]} 62. Rh7 {[%clk
1:39:20]} Bg7 {[%clk 0:17:57]} 63. Ka4 {[%clk 1:38:59]} Rc2 {[%clk 0:17:38]} 64.
Kb5 {[%clk 1:38:42]} Rc1 {[%clk 0:17:14]} 65. Kb6 {[%clk 1:38:56]} Rc2 {[%clk
0:16:54]} 66. Kb7 {[%clk 1:39:07]} Rc5 {[%clk 0:17:07]} 67. Rh2 {[%clk 1:36:07]}
Be5 {[%clk 0:17:06]} 68. Ra2 {[%clk 1:36:21]} Kg7 {[%clk 0:15:32]} 69. Ra8 {[%clk
1:36:33]} Rc4 {[%clk 0:12:27]} 70. Bf5 {[%clk 1:35:16]} Bf4 {[%clk 0:10:56]} 71.
Rd8 {[%clk 1:33:38]} Be5 {[%clk 0:08:37]} 72. Rd7+ {[%clk 1:33:53]} Kf8 {[%clk
0:08:30]} 73. g6 {[%clk 1:32:49]} Rb4+ {[%clk 0:06:07]} 74. Ka6 {[%clk 1:32:58]}
Rf4 {[%clk 0:01:04]} 75. Rf7+ {[%clk 1:33:02]} Kg8 {[%clk 0:01:03]} 76. Kb7
{[%clk 1:33:18]} Rf2 {[%clk 0:00:38]} 77. Kc6 {[%clk 1:32:52]} Rf4 {[%clk
0:01:07]} 78. Kd7 {[%clk 1:32:18]} Rf2 {[%clk 0:00:59]} 79. Ke7 {[%clk 1:30:31]}
Rb2 {[%clk 0:00:53]} 80. Bd7 {[%clk 1:28:45]} Rb7 {[%clk 0:00:32]} 81. Kd8 {[%clk
1:28:01]} Rb8+ {[%clk 0:01:01]} 82. Kc7 {[%clk 1:26:58]} Ra8 {[%clk 0:01:02]} 83.
Rh7 {[%clk 1:26:42]} Ra7+ {[%clk 0:00:38]} 84. Kb8 {[%clk 1:26:56]} 1-0

[Event "9th Vellmar Chess Days"]
[Site "chess24.com"]
[Date "2017.07.15"]
[Round "4"]
[White "Schulze, Lara"]
[Black "Doerge, Sven"]
[Result "1-0"]
[Board "14"]
[WhiteElo "2141"]
[WhiteTitle "WFM"]
[WhiteCountry "GER"]
[WhiteFideId "12956830"]
[WhiteEloChange "6"]
[BlackElo "2000"]
[BlackCountry "GER"]
[BlackFideId "24657638"]
[BlackEloChange "-6"]

1. e4 {[%clk 1:30:59]} Nf6 {[%clk 1:30:00]} 2. e5 {[%clk 1:31:21]} Nd5 {[%clk
1:30:28]} 3. c4 {[%clk 1:31:44]} Nb6 {[%clk 1:30:56]} 4. d4 {[%clk 1:32:07]} d6
{[%clk 1:31:05]} 5. exd6 {[%clk 1:32:32]} exd6 {[%clk 1:31:01]} 6. Nc3 {[%clk
1:32:44]} Bf5 {[%clk 1:30:53]} 7. Nf3 {[%clk 1:30:50]} Nc6 {[%clk 1:28:47]} 8.
Be3 {[%clk 1:26:51]} Be7 {[%clk 1:25:51]} 9. Be2 {[%clk 1:26:47]} g5 {[%clk
1:24:41]} 10. O-O {[%clk 1:06:10]} Bg6 {[%clk 1:17:49]} 11. d5 {[%clk 0:55:17]}
Ne5 {[%clk 1:03:48]} 12. Nxe5 {[%clk 0:54:18]} dxe5 {[%clk 1:04:16]} 13. c5
{[%clk 0:54:37]} Nc8 {[%clk 1:01:53]} 14. Qa4+ {[%clk 0:46:07]} Kf8 {[%clk
1:01:07]} 15. Rad1 {[%clk 0:42:16]} f5 {[%clk 0:57:50]} 16. Qb5 {[%clk 0:35:20]}
Rb8 {[%clk 0:51:14]} 17. d6 {[%clk 0:29:02]} cxd6 {[%clk 0:47:11]} 18. cxd6
{[%clk 0:24:02]} Bxd6 {[%clk 0:46:27]} 19. Rxd6 {[%clk 0:24:26]} Nxd6 {[%clk
0:46:36]} 20. Qxe5 {[%clk 0:24:36]} Nf7 {[%clk 0:46:10]} 21. Bc5+ {[%clk
0:24:57]} Kg8 {[%clk 0:46:13]} 22. Bc4 {[%clk 0:25:06]} Qe8 {[%clk 0:43:29]} 23.
Be6 {[%clk 0:22:58]} h5 {[%clk 0:41:20]} 24. Bd4 {[%clk 0:20:53]} Rh7 {[%clk
0:41:02]} 25. Nd5 {[%clk 0:14:33]} Qf8 {[%clk 0:38:11]} 26. Nf6+ {[%clk 0:07:52]}
Kg7 {[%clk 0:37:57]} 27. Qxb8 {[%clk 0:05:32]} Qxb8 {[%clk 0:37:56]} 28. Nd7+
{[%clk 0:05:56]} Kh6 {[%clk 0:38:15]} 29. Nxb8 {[%clk 0:06:19]} Nd8 {[%clk
0:37:06]} 30. Bb3 {[%clk 0:02:56]} b6 {[%clk 0:36:48]} 31. Na6 {[%clk 0:02:59]}
Nc6 {[%clk 0:36:51]} 32. Bc3 {[%clk 0:03:18]} f4 {[%clk 0:37:18]} 33. Nb4 {[%clk
0:03:27]} Na5 {[%clk 0:36:52]} 34. Bc2 {[%clk 0:03:11]} Bxc2 {[%clk 0:37:44]} 35.
Nxc2 {[%clk 0:03:38]} Rc7 {[%clk 0:38:12]} 36. Bxa5 {[%clk 0:02:13]} Rxc2 {[%clk
0:38:41]} 37. Bc3 {[%clk 0:02:35]} Kg6 {[%clk 0:39:00]} 38. Re1 {[%clk 0:01:58]}
Kf5 {[%clk 0:38:59]} 39. f3 {[%clk 0:02:14]} Kg6 {[%clk 0:39:15]} 40. Rd1 {[%clk
0:01:18]} g4 {[%clk 0:39:40]} 41. fxg4 {[%clk 0:14:18]} hxg4 {[%clk 1:04:49]} 42.
Rd2 {[%clk 0:14:08]} Rc1+ {[%clk 1:04:48]} 43. Kf2 {[%clk 0:14:36]} Rh1 {[%clk
1:04:54]} 44. Be5 {[%clk 0:11:32]} Kf5 {[%clk 1:04:52]} 45. Bb8 {[%clk 0:11:47]}
a6 {[%clk 1:04:43]} 46. Rd4 {[%clk 0:11:39]} Rb1 {[%clk 1:04:00]} 47. Rxf4+
{[%clk 0:11:53]} Kg5 {[%clk 1:04:26]} 48. Rb4 {[%clk 0:12:14]} b5 {[%clk
1:04:20]} 49. Kg3 {[%clk 0:12:34]} Kh5 {[%clk 1:04:33]} 50. Be5 {[%clk 0:11:54]}
Re1 {[%clk 1:04:24]} 51. Bc3 {[%clk 0:11:32]} Re3+ {[%clk 1:04:42]} 52. Kf2
{[%clk 0:11:46]} Re6 {[%clk 1:04:31]} 53. Rd4 {[%clk 0:11:29]} Kh4 {[%clk
0:58:05]} 54. Rd5 {[%clk 0:11:09]} g3+ {[%clk 0:57:54]} 55. hxg3+ {[%clk
0:11:25]} Kg4 {[%clk 0:58:23]} 56. Bd2 {[%clk 0:11:03]} 1-0

[Event "9th Vellmar Chess Days"]
[Site "chess24.com"]
[Date "2017.07.15"]
[Round "4"]
[White "Verhoef, Pieter"]
[Black "Oezdemir, Ali Oezden"]
[Result "1/2-1/2"]
[Board "15"]
[WhiteElo "2122"]
[WhiteCountry "NED"]
[WhiteFideId "1047264"]
[WhiteEloChange "-3"]
[BlackElo "1997"]
[BlackCountry "GER"]
[BlackFideId "12952745"]
[BlackEloChange "3"]

1. e4 {[%clk 1:30:53]} c5 {[%clk 1:28:41]} 2. Nf3 {[%clk 1:31:14]} d6 {[%clk
1:28:46]} 3. Bb5+ {[%clk 1:31:36]} Nd7 {[%clk 1:29:04]} 4. d4 {[%clk 1:31:44]}
cxd4 {[%clk 1:29:23]} 5. Qxd4 {[%clk 1:32:05]} a6 {[%clk 1:28:28]} 6. Bxd7+
{[%clk 1:31:08]} Bxd7 {[%clk 1:28:24]} 7. c4 {[%clk 1:26:17]} e6 {[%clk 1:26:36]}
8. O-O {[%clk 1:24:42]} Nf6 {[%clk 1:26:25]} 9. Nc3 {[%clk 1:23:39]} Be7 {[%clk
1:26:34]} 10. Qd3 {[%clk 1:20:05]} Qc7 {[%clk 1:14:07]} 11. Bf4 {[%clk 1:15:50]}
Rc8 {[%clk 1:14:30]} 12. Nd2 {[%clk 1:10:36]} O-O {[%clk 1:12:24]} 13. Rfe1
{[%clk 1:10:35]} Rfd8 {[%clk 1:00:05]} 14. Rac1 {[%clk 1:09:40]} Be8 {[%clk
0:57:02]} 15. Qh3 {[%clk 1:07:32]} b6 {[%clk 0:51:48]} 16. Nf3 {[%clk 1:05:19]}
Qb7 {[%clk 0:49:10]} 17. e5 {[%clk 1:02:29]} dxe5 {[%clk 0:49:38]} 18. Nxe5
{[%clk 1:02:27]} Nd7 {[%clk 0:48:04]} 19. Ne4 {[%clk 1:01:01]} Nf8 {[%clk
0:47:22]} 20. Qf3 {[%clk 0:58:10]} Qa8 {[%clk 0:44:28]} 21. Qg3 {[%clk 0:51:31]}
Ng6 {[%clk 0:38:05]} 22. Nxg6 {[%clk 0:50:36]} hxg6 {[%clk 0:38:25]} 23. Bd6
{[%clk 0:50:46]} Bxd6 {[%clk 0:33:37]} 24. Nxd6 {[%clk 0:51:06]} Rc6 {[%clk
0:33:56]} 25. Red1 {[%clk 0:50:19]} Qb8 {[%clk 0:33:17]} 26. Nxe8 {[%clk
0:48:21]} Rxe8 {[%clk 0:33:44]} 27. Qh4 {[%clk 0:47:05]} Qe5 {[%clk 0:30:49]} 28.
Rd8 {[%clk 0:41:39]} Rc8 {[%clk 0:30:52]} 29. Qd4 {[%clk 0:38:24]} Qxd4 {[%clk
0:22:04]} 30. Rxd4 {[%clk 0:38:45]} Red8 {[%clk 0:22:31]} 31. Rxd8+ {[%clk
0:37:53]} Rxd8 {[%clk 0:22:59]} 32. b4 {[%clk 0:37:59]} Kf8 {[%clk 0:21:32]} 33.
b5 {[%clk 0:34:28]} Ra8 {[%clk 0:19:48]} 34. a4 {[%clk 0:34:24]} axb5 {[%clk
0:18:38]} 35. axb5 {[%clk 0:31:38]} Ke7 {[%clk 0:19:07]} 36. g3 {[%clk 0:30:00]}
Ra2 {[%clk 0:17:22]} 37. c5 {[%clk 0:29:40]} bxc5 {[%clk 0:17:47]} 38. Rxc5
{[%clk 0:30:02]} Kd6 {[%clk 0:16:02]} 39. Rc8 {[%clk 0:30:01]} Rb2 {[%clk
0:16:12]} 40. Rf8 {[%clk 0:29:06]} f6 {[%clk 0:16:14]} 41. Rb8 {[%clk 0:28:39]}
g5 {[%clk 0:16:05]} 42. b6 {[%clk 0:28:24]} g4 {[%clk 0:12:17]} 43. Kg2 {[%clk
0:27:58]} f5 {[%clk 0:12:09]} 44. Rg8 {[%clk 0:27:45]} 1/2-1/2

[Event "9th Vellmar Chess Days"]
[Site "chess24.com"]
[Date "2017.07.15"]
[Round "4"]
[White "Reitz, Philipp"]
[Black "Rueberg, Jobst"]
[Result "1/2-1/2"]
[Board "16"]
[WhiteElo "1976"]
[WhiteCountry "GER"]
[WhiteFideId "12973297"]
[WhiteEloChange "4"]
[BlackElo "2107"]
[BlackTitle "FM"]
[BlackCountry "GER"]
[BlackFideId "4677501"]
[BlackEloChange "-4"]

1. e4 {[%clk 1:30:55]} c5 {[%clk 1:30:55]} 2. Nf3 {[%clk 1:31:20]} e6 {[%clk
1:31:09]} 3. d4 {[%clk 1:31:44]} cxd4 {[%clk 1:31:33]} 4. Nxd4 {[%clk 1:32:09]}
a6 {[%clk 1:31:43]} 5. Bd3 {[%clk 1:32:27]} Qc7 {[%clk 1:28:52]} 6. O-O {[%clk
1:29:29]} Nf6 {[%clk 1:28:37]} 7. Qe2 {[%clk 1:28:52]} d6 {[%clk 1:28:56]} 8. Kh1
{[%clk 1:26:45]} Nbd7 {[%clk 1:26:04]} 9. f4 {[%clk 1:26:48]} g6 {[%clk 1:18:58]}
10. Nc3 {[%clk 1:15:09]} Bg7 {[%clk 1:18:17]} 11. f5 {[%clk 1:01:02]} e5 {[%clk
1:08:57]} 12. Nb3 {[%clk 0:54:38]} Nb6 {[%clk 0:58:42]} 13. Be3 {[%clk 0:50:06]}
Bd7 {[%clk 0:53:24]} 14. a4 {[%clk 0:47:05]} Rc8 {[%clk 0:49:12]} 15. Nd2 {[%clk
0:46:07]} Bc6 {[%clk 0:46:01]} 16. a5 {[%clk 0:44:06]} Nbd7 {[%clk 0:46:20]} 17.
Bc4 {[%clk 0:42:52]} O-O {[%clk 0:38:06]} 18. Bb3 {[%clk 0:40:15]} Kh8 {[%clk
0:37:31]} 19. g4 {[%clk 0:38:26]} h6 {[%clk 0:23:40]} 20. g5 {[%clk 0:38:16]}
hxg5 {[%clk 0:23:21]} 21. Bxg5 {[%clk 0:38:30]} Nc5 {[%clk 0:23:21]} 22. Bxf6
{[%clk 0:36:23]} Bxf6 {[%clk 0:23:39]} 23. Ba2 {[%clk 0:34:57]} Qe7 {[%clk
0:19:33]} 24. Qg4 {[%clk 0:32:21]} Kg7 {[%clk 0:18:59]} 25. Rg1 {[%clk 0:30:15]}
g5 {[%clk 0:17:36]} 26. Nf3 {[%clk 0:26:43]} Rh8 {[%clk 0:10:28]} 27. Nxg5 {[%clk
0:25:59]} Bxg5 {[%clk 0:10:19]} 28. Qxg5+ {[%clk 0:26:19]} Qxg5 {[%clk 0:10:43]}
29. Rxg5+ {[%clk 0:26:39]} Kf6 {[%clk 0:11:06]} 30. Rg4 {[%clk 0:27:02]} Nxe4
{[%clk 0:06:59]} 31. Rxe4 {[%clk 0:26:13]} Bxe4+ {[%clk 0:07:02]} 32. Nxe4+
{[%clk 0:26:35]} Ke7 {[%clk 0:06:04]} 33. c3 {[%clk 0:26:17]} Rh4 {[%clk
0:05:55]} 34. f6+ {[%clk 0:26:00]} Kd7 {[%clk 0:05:44]} 35. Ng5 {[%clk 0:25:56]}
Rch8 {[%clk 0:05:34]} 36. Nf3 {[%clk 0:26:00]} Rf4 {[%clk 0:05:46]} 37. Rf1
{[%clk 0:25:41]} e4 {[%clk 0:05:31]} 38. Nd2 {[%clk 0:26:04]} Rfh4 {[%clk
0:05:50]} 39. Kg1 {[%clk 0:23:42]} Rg4+ {[%clk 0:04:45]} 40. Kh1 {[%clk 0:20:37]}
Rgh4 {[%clk 0:04:35]} 41. Kg1 {[%clk 0:20:58]} Rg4+ {[%clk 0:14:43]} 1/2-1/2

[Event "9th Vellmar Chess Days"]
[Site "chess24.com"]
[Date "2017.07.15"]
[Round "4"]
[White "Schlachowitsch, Markus"]
[Black "Kuhn, Norbert"]
[Result "1-0"]
[Board "17"]
[WhiteElo "1964"]
[WhiteCountry "GER"]
[WhiteFideId "4655583"]
[WhiteEloChange "14"]
[BlackElo "2094"]
[BlackCountry "GER"]
[BlackFideId "4644697"]
[BlackEloChange "-14"]

1. Nf3 {[%clk 1:30:50]} d5 {[%clk 1:30:50]} 2. c4 {[%clk 1:31:15]} e6 {[%clk
1:31:13]} 3. b3 {[%clk 1:31:39]} Nf6 {[%clk 1:27:35]} 4. Bb2 {[%clk 1:32:02]} Be7
{[%clk 1:27:49]} 5. g4 {[%clk 1:30:59]} Nxg4 {[%clk 1:10:04]} 6. Rg1 {[%clk
1:31:03]} Bf6 {[%clk 1:09:02]} 7. d4 {[%clk 1:30:06]} Nh6 {[%clk 1:08:05]} 8.
Nbd2 {[%clk 1:29:44]} O-O {[%clk 0:59:33]} 9. e4 {[%clk 1:30:04]} b6 {[%clk
0:58:27]} 10. e5 {[%clk 1:29:41]} Be7 {[%clk 0:56:32]} 11. Bd3 {[%clk 1:29:55]}
f5 {[%clk 0:38:47]} 12. exf6 {[%clk 1:30:10]} Bxf6 {[%clk 0:39:02]} 13. Qc2
{[%clk 1:30:26]} Nc6 {[%clk 0:24:27]} 14. Bxh7+ {[%clk 1:29:46]} Kh8 {[%clk
0:24:48]} 15. O-O-O {[%clk 1:27:54]} Nf5 {[%clk 0:21:06]} 16. Bxf5 {[%clk
1:26:55]} exf5 {[%clk 0:20:33]} 17. Ne5 {[%clk 1:26:30]} Bxe5 {[%clk 0:13:22]}
18. dxe5 {[%clk 1:26:51]} Nb4 {[%clk 0:13:34]} 19. Qb1 {[%clk 1:27:09]} Be6
{[%clk 0:08:24]} 20. a3 {[%clk 1:27:21]} Na6 {[%clk 0:08:44]} 21. Nf3 {[%clk
1:26:50]} c6 {[%clk 0:08:21]} 22. Ng5 {[%clk 1:27:38]} Qe8 {[%clk 0:05:30]} 23.
Qd3 {[%clk 1:27:39]} Qg6 {[%clk 0:05:14]} 24. cxd5 {[%clk 1:27:59]} cxd5 {[%clk
0:04:31]} 25. Qxa6 {[%clk 1:28:13]} 1-0

[Event "9th Vellmar Chess Days"]
[Site "chess24.com"]
[Date "2017.07.15"]
[Round "4"]
[White "Kroder, Johannes"]
[Black "Schnegelsberg, Karl-Heinz"]
[Result "1-0"]
[Board "18"]
[WhiteElo "2075"]
[WhiteCountry "GER"]
[WhiteFideId "24692930"]
[WhiteEloChange "7"]
[BlackElo "1973"]
[BlackCountry "GER"]
[BlackFideId "4653335"]
[BlackEloChange "-7"]

1. e4 {[%clk 1:30:59]} e6 {[%clk 1:29:00]} 2. d4 {[%clk 1:31:22]} d5 {[%clk
1:29:23]} 3. Nd2 {[%clk 1:31:47]} Nf6 {[%clk 1:29:47]} 4. e5 {[%clk 1:32:13]}
Nfd7 {[%clk 1:30:13]} 5. Bd3 {[%clk 1:32:37]} c5 {[%clk 1:29:40]} 6. c3 {[%clk
1:32:48]} Nc6 {[%clk 1:29:59]} 7. Ngf3 {[%clk 1:33:13]} g6 {[%clk 1:29:30]} 8. h4
{[%clk 1:32:58]} h6 {[%clk 1:29:14]} 9. b3 {[%clk 1:32:42]} Bg7 {[%clk 1:25:51]}
10. Bb2 {[%clk 1:33:01]} b6 {[%clk 1:18:19]} 11. a3 {[%clk 1:27:55]} O-O {[%clk
1:15:59]} 12. Qe2 {[%clk 1:26:29]} Re8 {[%clk 1:10:26]} 13. b4 {[%clk 1:22:01]}
a6 {[%clk 1:09:05]} 14. Kf1 {[%clk 1:18:41]} Ra7 {[%clk 1:02:47]} 15. Kg1 {[%clk
1:17:22]} Nf8 {[%clk 0:59:44]} 16. Qe3 {[%clk 1:13:44]} Rc7 {[%clk 0:49:21]} 17.
Re1 {[%clk 1:09:38]} Nh7 {[%clk 0:43:58]} 18. g3 {[%clk 1:07:06]} f5 {[%clk
0:37:09]} 19. Kg2 {[%clk 0:48:24]} Rf8 {[%clk 0:35:48]} 20. Reg1 {[%clk 0:47:02]}
Kh8 {[%clk 0:26:32]} 21. Qe2 {[%clk 0:45:16]} Nb8 {[%clk 0:20:12]} 22. Rc1 {[%clk
0:41:22]} Bd7 {[%clk 0:14:39]} 23. dxc5 {[%clk 0:36:20]} bxc5 {[%clk 0:14:55]}
24. c4 {[%clk 0:36:31]} cxb4 {[%clk 0:10:10]} 25. cxd5 {[%clk 0:35:58]} exd5
{[%clk 0:09:04]} 26. axb4 {[%clk 0:34:49]} Bb5 {[%clk 0:05:18]} 27. Bxb5 {[%clk
0:33:58]} axb5 {[%clk 0:05:06]} 28. Qxb5 {[%clk 0:33:56]} Rff7 {[%clk 0:04:14]}
29. Qb6 {[%clk 0:28:38]} Rb7 {[%clk 0:03:58]} 30. Qxd8+ {[%clk 0:28:38]} 1-0

[Event "9th Vellmar Chess Days"]
[Site "chess24.com"]
[Date "2017.07.15"]
[Round "4"]
[White "Lutz, Ruben"]
[Black "Toepfer, Albrecht"]
[Result "1-0"]
[Board "19"]
[WhiteElo "1959"]
[WhiteCountry "GER"]
[WhiteFideId "12975974"]
[WhiteEloChange "13"]
[BlackElo "2060"]
[BlackCountry "GER"]
[BlackFideId "12924067"]
[BlackEloChange "-13"]

1. d4 {[%clk 1:30:58]} Nf6 {[%clk 1:30:33]} 2. Nf3 {[%clk 1:31:22]} g6 {[%clk
1:30:39]} 3. Bg5 {[%clk 1:31:42]} Bg7 {[%clk 1:31:01]} 4. Nbd2 {[%clk 1:31:54]}
O-O {[%clk 1:30:44]} 5. c3 {[%clk 1:32:11]} h6 {[%clk 1:28:24]} 6. Bh4 {[%clk
1:32:27]} d6 {[%clk 1:28:46]} 7. e4 {[%clk 1:32:40]} c5 {[%clk 1:27:06]} 8. dxc5
{[%clk 1:33:01]} dxc5 {[%clk 1:26:48]} 9. Bc4 {[%clk 1:33:23]} g5 {[%clk
1:18:00]} 10. Bg3 {[%clk 1:33:41]} Nc6 {[%clk 1:16:43]} 11. Qe2 {[%clk 1:33:09]}
Bg4 {[%clk 0:47:07]} 12. h3 {[%clk 1:32:08]} Bxf3 {[%clk 0:47:22]} 13. Nxf3
{[%clk 1:32:27]} e5 {[%clk 0:37:29]} 14. Nxe5 {[%clk 1:25:54]} Nxe5 {[%clk
0:37:52]} 15. Bxe5 {[%clk 1:26:20]} Nxe4 {[%clk 0:36:21]} 16. Qxe4 {[%clk
1:23:56]} Re8 {[%clk 0:36:16]} 17. O-O {[%clk 1:23:42]} Qe7 {[%clk 0:32:19]} 18.
f4 {[%clk 1:20:28]} gxf4 {[%clk 0:30:15]} 19. Qxf4 {[%clk 1:20:36]} Bxe5 {[%clk
0:23:04]} 20. Bxf7+ {[%clk 1:18:01]} Kg7 {[%clk 0:23:04]} 21. Qg4+ {[%clk
1:17:42]} Kh8 {[%clk 0:23:14]} 22. Bxe8 {[%clk 1:13:15]} Rxe8 {[%clk 0:23:40]}
23. Rae1 {[%clk 1:12:55]} Rg8 {[%clk 0:22:45]} 24. Qh5 {[%clk 1:09:19]} 1-0

[Event "9th Vellmar Chess Days"]
[Site "chess24.com"]
[Date "2017.07.15"]
[Round "4"]
[White "Held, Carsten, Dr."]
[Black "Domroese, Michael"]
[Result "1-0"]
[Board "20"]
[WhiteElo "2049"]
[WhiteCountry "GER"]
[WhiteFideId "1271741"]
[WhiteEloChange "5"]
[BlackElo "1842"]
[BlackCountry "GER"]
[BlackFideId "24696145"]
[BlackEloChange "-5"]

1. Nf3 {[%clk 1:30:57]} c5 {[%clk 1:30:49]} 2. c4 {[%clk 1:31:21]} g6 {[%clk
1:31:13]} 3. Nc3 {[%clk 1:31:46]} Bg7 {[%clk 1:31:32]} 4. g3 {[%clk 1:32:10]} Nc6
{[%clk 1:31:41]} 5. Bg2 {[%clk 1:32:33]} d6 {[%clk 1:31:53]} 6. O-O {[%clk
1:32:38]} e5 {[%clk 1:31:45]} 7. d3 {[%clk 1:33:01]} Nge7 {[%clk 1:32:09]} 8. a3
{[%clk 1:32:54]} O-O {[%clk 1:32:25]} 9. Rb1 {[%clk 1:33:26]} a5 {[%clk 1:32:50]}
10. Bg5 {[%clk 1:33:39]} f6 {[%clk 1:33:07]} 11. Be3 {[%clk 1:33:40]} Be6 {[%clk
1:31:39]} 12. Ne1 {[%clk 1:33:54]} Qd7 {[%clk 1:29:48]} 13. Nc2 {[%clk 1:33:05]}
Bh3 {[%clk 1:24:18]} 14. b4 {[%clk 1:29:00]} Bxg2 {[%clk 1:24:40]} 15. Kxg2
{[%clk 1:29:28]} axb4 {[%clk 1:17:58]} 16. axb4 {[%clk 1:29:49]} b6 {[%clk
1:17:18]} 17. Bd2 {[%clk 1:28:12]} f5 {[%clk 1:13:30]} 18. Bg5 {[%clk 1:13:10]}
h6 {[%clk 1:05:05]} 19. Bxe7 {[%clk 1:13:27]} Nxe7 {[%clk 1:05:34]} 20. Ne3
{[%clk 1:12:42]} f4 {[%clk 1:04:19]} 21. Ned5 {[%clk 1:11:49]} fxg3 {[%clk
1:01:54]} 22. Nxe7+ {[%clk 1:10:06]} Qxe7 {[%clk 1:02:18]} 23. hxg3 {[%clk
1:09:23]} h5 {[%clk 0:50:07]} 24. Nd5 {[%clk 1:08:22]} Qg5 {[%clk 0:50:34]} 25.
Nc7 {[%clk 0:52:09]} Ra2 {[%clk 0:48:29]} 26. Ne6 {[%clk 0:50:43]} Qg4 {[%clk
0:47:28]} 27. Nxf8 {[%clk 0:50:46]} Bxf8 {[%clk 0:47:33]} 28. e3 {[%clk 0:47:37]}
Qg5 {[%clk 0:47:56]} 29. Qf3 {[%clk 0:47:41]} h4 {[%clk 0:46:54]} 30. bxc5 {[%clk
0:47:24]} hxg3 {[%clk 0:45:53]} 31. Qxg3 {[%clk 0:47:16]} Qxg3+ {[%clk 0:46:15]}
32. Kxg3 {[%clk 0:47:40]} bxc5 {[%clk 0:46:35]} 33. Rb7 {[%clk 0:45:12]} Rd2
{[%clk 0:43:10]} 34. Ra1 {[%clk 0:44:12]} 1-0